The ultimate test (Record no. 74953)

MARC details
000 -LEADER
fixed length control field 00723cam a2200193 4500
001 - CONTROL NUMBER
control field ##ABS68832
008 - FIXED-LENGTH DATA ELEMENTS--GENERAL INFORMATION
fixed length control field 050321n2005 000 0 eng u
035 ## - SYSTEM CONTROL NUMBER
System control number (Sirsi) u129114
041 0# - LANGUAGE CODE
Language code of text/sound track or separate title eng
245 04 - TITLE STATEMENT
Title The ultimate test
260 ## - PUBLICATION, DISTRIBUTION, ETC.
Date of publication, distribution, etc. 2005
490 #0 - SERIES STATEMENT
Series statement Inside Housing
Volume/sequential designation 22(10) 11 March 2005, 18-21(4)
520 ## - SUMMARY, ETC.
Summary, etc. Summarises the position of the three main political parties on a number of key housing issues prior to the general election: decent homes, housing growth, planning rules, governance and government, low demand, home ownership and anti-social behaviour.
590 ## - LOCAL NOTE (RLIN)
Local note ABS
650 24 - SUBJECT ADDED ENTRY--TOPICAL TERM
Topical term or geographic name entry element DCLG DECENT HOMES STANDARD
651 #4 - SUBJECT ADDED ENTRY--GEOGRAPHIC NAME
Geographic name England
Chronological subdivision 886-
690 ## - LOCAL SUBJECT ADDED ENTRY--TOPICAL TERM (OCLC, RLIN)
Topical term or geographic name as entry element Residential property
9 (RLIN) 6266
942 ## - ADDED ENTRY ELEMENTS (KOHA)
Suppress in OPAC 0
Holdings
Withdrawn status Lost status Source of classification or shelving scheme Damaged status Not for loan Home library Current library Shelving location Date acquired Total Checkouts Full call number Barcode Date last seen Copy number Price effective from Koha item type
    Dewey Decimal Classification     London London Journal article 21/03/2005   ABS68832 129114-1001 06/08/2019 1 06/08/2019 Journal article